| 000 | 00486pab a2200193 454500 | ||
|---|---|---|---|
| 008 | 180718b2017 xxu||||| |||| 00| 0 eng d | ||
| 100 | _aLalitha, S. | ||
| 245 | _aEntrepreneurial interest among tribal youth in Durg district, Chhattishgarh | ||
| 260 | _c2017 | ||
| 300 | _ap.266-279. | ||
| 362 | _aJul-Sep | ||
| 650 | _aEntrepreneurs | ||
| 650 | _aTraining | ||
| 650 | _aYouth | ||
| 650 | _aTribes | ||
| 700 | _aBotcha, Rambabu | ||
| 773 | _aSocial Action | ||
| 909 | _a115651 | ||
| 999 |
_c115645 _d115645 |
||